000 00482nam a2200181Ia 4500
005 20260120130335.0
008 008 260114s9999 xx 000 0 eng d
020 _a9780199784783
037 _aEBOOK
040 _aCRL
_beng
_cCRL
041 _aeng
_2eng
084 _qCRL
245 0 _aTantric Treasures
260 _bOxford University PressOxford University Press
_c2006
856 _uhttps://academic.oup.com/book/6125
942 _cEBOOK
999 _c1505756
_d1505756